000 00499nam a22001937a 4500
003 koha_MIRAKIL
005 20250311153559.0
008 231213b eng||||| |||| 00| 0 eng d
020 _a9781406257427
040 _aTR-IsEVY
_btur
_cTR-IsEVY
082 _a641 GIU/C
100 _aGiulieri, Anne.
245 0 _aCooking pancakes
260 _bRaintree,
_c2013
300 _a16 s.
650 _aMe / family.
_vCooking.
_vPancakes.
650 _aAile.
_vYemek Pişirme.
_vPankek.
942 _2ddc
_cBK
999 _c17663
_d17663